| 000 | 00543nam a22001817a 4500 | ||
|---|---|---|---|
| 999 |
_c19314 _d19314 |
||
| 003 | AR-CdUCM | ||
| 008 | 190517b ||||| |||| 00| 0 spa d | ||
| 040 |
_aMUNICIPALIDAD PROVINCIAL DEL CUSCO _cBIBLIOTECA MUNICIPAL DEL CUSCO |
||
| 082 |
_a891.01 / _bW82 |
||
| 100 |
_aWolkonsky, Olga de _940581 |
||
| 245 | _aHistoria y evolución de la poesía Rusa / | ||
| 260 |
_aBuenos Aires : _bAmericalee, _c1943. |
||
| 300 |
_a287 páginas : _c20 cm. |
||
| 505 | _aPoesía. | ||
| 650 |
_aPoesía Rusa. _929845 |
||
| 942 |
_2ddc _cLIBROS |
||
| 945 | _awfj | ||